| 000 | 00825nam a2200289 i 4500 | ||
|---|---|---|---|
| 001 | 6419 | ||
| 003 | ES-MaACL | ||
| 005 | 20230906144927.0 | ||
| 007 | t| | ||
| 008 | 891120s1986 sp ||||1| spa d | ||
| 020 | _a84-323-0560-5 | ||
| 080 | _a141.81 | ||
| 080 | _a335.5 | ||
| 100 | 1 |
_aAnderson, Perry. _921462 |
|
| 245 | 1 | 0 |
_aTras las huellas del materialismo histórico / _cPerry Anderson ; traducción de Eduardo Terrén. |
| 250 | _a1ª ed. | ||
| 260 |
_aMadrid : _bSiglo XXI, _c1986. |
||
| 300 |
_a139 p. ; _c18 cm. |
||
| 490 | 1 | _aTeoría | |
| 500 | _aIndices. | ||
| 650 | 4 |
_aMaterialismo histórico. _914850 |
|
| 700 | 1 |
_aTerrén, Eduardo. _9109784 |
|
| 830 | 0 |
_aTeoría _9177535 |
|
| 852 |
_aES-MaACL _jL-13653 _bR.111709 _z. - rust. |
||
| 852 |
_aES-MaACL _jL-12345 _bR.115201 |
||
| 999 |
_c6419 _d6419 |
||